Unusual Animals by Picture - Statistics

General Stats
  • This quiz has been taken 47 times
  • The average score is 3 of 9
Answer Stats
Picture Answer % Correct
Axolotl
92%
Pangolin
72%
Spider Crab
68%
Markhor
28%
Isopod
20%
Hoatzin
8%
Sea pig
4%
Siphonophore
4%
Jewel wasp
0%
No matching quizzes found
Score Distribution
Percent of People with Each Score
Percentile by Number Answered
Your Score History
You have not taken this quiz